000
00449nam a2200133Ia 4500
008
100328s9999 xx 000 0 und d
082
_b
32098
100
_a
चेंदवणकर सदानंद
245
_a
भारतीय शास्त्रज्ञ
260
_b
सुविचार
630
_a
भारतीय शास्त्रज्ञ
730
_a
भारतीय शास्त्रज्ञ
942
_c
BOOK
999
_c
522903
_d
522900